Normale Ansicht MARC-Ansicht ISBD

Geprüft durchs Pandemiesemester. (Titelsatznr. 80682)

[ MARC ]
MARC-Details
000 -Satzkennung
Kontrollfeld mit fester Länge 00811nam a22001817a 4500
008 - Feld mit fester Länge zur physischen Beschreibung - Allgemeine Angaben
Kontrollfeld mit fester Länge 201130b ||||| |||| 00| 0 eng d
040 ## - Katalogisierungsquelle
Katalogisierungssprache ger
Übertragungsstelle STAFF
Beschreibungsfestlegungen rda
Original-Katalogisierungsstelle STAFF
041 ## - Sprachcode
Sprachcode des Textes/der Tonspur oder des separaten Titels ger
100 ## - Person oder Familie als 1. geistiger Schöpfer
Personenname Waldmann, Nancy:
245 ## - Titel
Haupttitel Geprüft durchs Pandemiesemester.
Titelzusatz Viadrina: Am Ende des Halbjahres ist Prüfungszeit. Die meisten Klausuren werden online am Rechner geschrieben. Ist das leichter als eine klassische Prüfung? Und warum macht die Jura-Fakultät nicht mit? /
Verantwortlichkeitsangabe Nancy Waldmann
653 ## - Lokales Schlagwort
Nicht-normierter Term Frankfurt (Oder)
653 ## - Lokales Schlagwort
Nicht-normierter Term Europa-Universität Viadrina
773 ## - Übergeordnete Einheit
Ort, Verlag und Erscheinungsjahr Frankfurt (Oder): Märkisches Verlags- und Druckhaus GmbH & Co KG
Verknüpfungsangaben 32. Jahrgang (2021) Nr. 30 vom 05.02.2021, S. 13: Abb.
Titel Märkische Oderzeitung
942 ## - Zusätzliche Felder (Koha)
Koha-Medientyp Aufsätze
Exemplare
Ausgeschieden Verloren Beschädigt Nicht entleihbar Permanenter Standort Aktueller Standort Aufstellungsort Eingabedatum Anzahl Ausleihen Signatur Letzte Aktivität Preis gültig von Medientyp
        Stadtarchiv Frankfurt (Oder) | Archivbibliothek Stadtarchiv Frankfurt (Oder) | Archivbibliothek Magazin 10/02/2021   Z2 10/02/2021 10/02/2021 Aufsätze